00746 2200193 4500001002100000005001500021035002000036245017400056100002400230250002000254300005300274856002200327700011400349260003600463082000800499084001400507020001800521650001300539INLIS00000000114817420260402110840 a0010-04260000191 aMEWARNAI ROBOT & MONSTER /cPenulis.; Narendra Dwi Putra.; Penyunting.; Arif Ishartadi.; Penata isi.; Narendra Dwi Putra. Penata isi janat Tajri Perancang.; Janat Tajri0 aNarendra Dwi Putra. aCetakan pertama aiii - 48 Halaman :bIlustrasi ;c21 x 28ekertas aperpustakaan umum0 aPenyunting.; Arif Ishartadi.; Penata isi.; Narendra Dwi Putra. Penata isi janat Tajri Perancang.; Janat Tajri aYogyakarta :bPLAYGROUND,c2019 a397 a397 NA m a9786237115069 4amewarnai